| 000 | 02011cam a22001934a 4500 | ||
|---|---|---|---|
| 005 | 20250605164341.0 | ||
| 008 | 250528s ||||||||||||||||||||||||d | ||
| 035 | _a23621 | ||
| 040 |
_aGR-AtMCL _bgre _dGR-AtMCL _eAACR2 |
||
| 245 | 1 | _aΕφαρμογή της Τεχνολογίας RFID στα Εμπορευματοκιβώτια της CIMC | |
| 260 | _c2014 | ||
| 300 | _a44 | ||
| 520 | _aΕισαγωγή, Ιστορική Αναδρομή στην Εξέλιξη της Τεχνολογίας RFID, Ανάλυση του Κλάδου των Logistics, Δομή και Χαρακτηριστηκά της Τεχνολογίας RFID, η Ετικέτα, ο Αναγνώστης, το Ενδιάμεσο Λογισμικό, Ασφάλεια Δεδομένων των Ετικέτων RFID, Άπειλες, Μέτρα Προστασίας Δεδομένων, Εφαρμογές του Συστήματος RFID, Εφαρμογές στην Εφοδιαστική, Πλεονεκτήματα Χρήσης του Συστήματος RFID, Μειονεξτήματα Χρήσης του Συστήματος RFID, Εφαρμογή του Συστήματος RFID στη Διαχείρηση Εμπορευματοκιβωτιών, Μεθοδολογία, Μελέτη Περίπτωσεις: Υλοποίηση Εφαρμογής της Τεχνολογίας RFID στην CIMC Ltd, το Προφίλ, Εφαρμογή της Τεχνολογίας RFID, Αξιολόγηση Νέας Τεχνολογίας και Ορισμός Στόχων, Ανάλυση της Υπάρχουσας Κατάστασης, Σχεδιασμός Συστήματος, Δοκιμές Πρωτότυπου, Εφαρμιγή, Συνεχής Βελτίωση, Αποτέλεσμα, Προτάσεις, Βιβλιογραφικές Αναφορές. | ||
| 700 | 1 |
_aΜπουσδέκης Αλέξανδρος _99211 |
|
| 700 | 1 |
_aΡομποτή Κονδυλίας _99212 |
|
| 942 | _cDS | ||
| 999 |
_c8621 _d8621 |
||